000
00291nam a22001337a 4500
008
181217b xxu||||| |||| 00| 0 eng d
020
_a
9780137442515
041
_a
eng
080
_2
7 TH
_a
101
100
_a
34
101
_a
FIL
245
_a
About Philosophy
_c
Paul.R
942
_2
udc
_c
BK
999
_c
53191
_d
53191